Dynamical systems and durbulence, Warwick 1980
Uloženo v:
| Hlavní autoři: | , |
|---|---|
| Médium: | Kniha |
| Jazyk: | angličtina |
| Vydáno: |
Berlín
Springer-Verlag
1981
|
| Edice: | Lecture Notes in Mathematics, 898
|
| Témata: | |
| Tagy: |
Přidat tag
Žádné tagy, Buďte první, kdo vytvoří štítek k tomuto záznamu!
|
MARC
| LEADER | 00000nam a2200000 a 4500 | ||
|---|---|---|---|
| 001 | UCP0801 | ||
| 003 | CL-VaPUC | ||
| 008 | 990319e19810000GW |||||||||||||||||eng|d | ||
| 082 | 0 | 4 | |a 515.35 |b RAN |2 21 |
| 100 | 0 | |a Rand, D. A |e author |9 426358 | |
| 700 | 0 | |a Young, L. S |e author |9 426359 | |
| 245 | 1 | 0 | |a Dynamical systems and durbulence, Warwick 1980 |
| 300 | |a 390 p | ||
| 942 | |c BK | ||
| 945 | |d 19990319 00:00:00 |a crobeson | ||
| 260 | |a Berlín |b Springer-Verlag |c 1981 | ||
| 650 | 0 | |a Sistemas dinámicos |9 260496 | |
| 650 | 0 | |a Ecuaciones diferenciales |9 260083 | |
| 650 | 7 | |a BIFURCACION |2 CL-VaPUC |9 424996 | |
| 650 | 0 | |a Grupos de Lie |9 271231 | |
| 650 | 7 | |a ESTABILIDAD |2 CL-VaPUC |9 330601 | |
| 650 | 0 | |a Congresos |9 257560 | |
| 583 | |a last modification |c 19990319 00:00:00 |k Rodrigo Vera | ||
| 490 | 0 | |a Lecture Notes in Mathematics, 898 | |
| 999 | |c 279546 |d 279544 | ||
| 952 | |0 0 |1 0 |4 0 |6 515_350000000000000_RAN_1981 |7 0 |8 A |9 319110 |a BIBMAT |b BIBMAT |d 2019-11-20 |i 1330586 |o 515.35 RAN 1981 |p 1330586 |r 2025-01-07 |w 2019-11-20 |y BK |k MAT | ||